LEADER 01104nam a2200325 a 4500 001 991001633909707536 008 030523s1967 de a b 001 0 eng d 035 $ab12175171-39ule_inst 040 $aDip.to Matematica$beng 082 0 $a510 084 $aLC QA3.L28 084 $aAMS 34-01 084 $aAMS 37-01 084 $aAMS 37C75 084 $aAMS 34D 100 1 $aBhatia, Nam Parshad$0147913 245 10$aDynamical systems :$bstability theory and applications /$cN. P. Bhatia, G. P. Szegö 260 $aBerlin :$bSpringer-Verlag,$c1967 300 $a[6], 416 p. :$bdiagrs. ;$c28 cm 440 0$aLecture notes in mathematics,$x0075-8434 ;$v35 500 $aInclude index 504 $aBibliography: p. 368-406 650 0$aStability 700 1 $aSzegö, Gabor P. 907 $a.b12175171$b02-04-14$c23-05-03 912 $a991001633909707536 945 $aLE013 34-XX BHA11 (1967)$g1$i2013000139098$lle013$op$pE0.00$q-$rl$s- $t0$u1$v0$w1$x0$y.i12523963$z26-05-03 996 $aDynamical systems$9144758 997 $aUNISALENTO 998 $ale013$b23-05-03$cm$da $e-$feng$gde $h0$i0 LEADER 01970nam 2200577 450 001 9910813148603321 005 20230808194045.0 035 $a(CKB)3710000000744213 035 $a(PQKBManifestationID)16474784 035 $a(PQKBWorkID)15014527 035 $a(PQKB)20887810 035 $a(DLC) 2016026353 035 $a(MiAaPQ)EBC4591450 035 $a(EXLCZ)993710000000744213 100 $a20160805h20162016 uy 0 101 0 $aeng 135 $aurcnu|||||||| 181 $ctxt 182 $cc 183 $acr 200 00$aGenre- and register-related discourse features in contrast /$fedited by Marie-Aude Lefer, Svetlana Vogeleer 210 1$aAmsterdam, Netherlands ;$aPhiladelphia, Pennsylvania :$cJohn Benjamins Publishing Company,$d2016. 210 4$d©2016 215 $a1 online resource (171 pages) 225 0 $aBenjamins current topics,$x1874-0081 ;$v87 300 $aBibliographic Level Mode of Issuance: Monograph 311 $a90-272-6680-8 311 $a90-272-4275-5 320 $aIncludes bibliographical references at the end of each chapters and index. 606 $aContrastive linguistics 606 $aRhetoric$xData processing 606 $aRegister (Linguistics) 606 $aDiscourse analysis$xData processing 606 $aTranslating and interpreting$xData processing 606 $aCorpora (Linguistics) 615 0$aContrastive linguistics. 615 0$aRhetoric$xData processing. 615 0$aRegister (Linguistics) 615 0$aDiscourse analysis$xData processing. 615 0$aTranslating and interpreting$xData processing. 615 0$aCorpora (Linguistics) 676 $a401/.41 702 $aLefer$b Marie-Aude 702 $aVogeleer$b Sv$g(Svetlana), 801 0$bMiAaPQ 801 1$bMiAaPQ 801 2$bMiAaPQ 906 $aBOOK 912 $a9910813148603321 996 $aGenre- and register-related discourse features in contrast$94039415 997 $aUNINA